Personnalités ayant pour nom de famille un prénom - Clic Quiz - Statistiques

Statistiques générales
  • Ce quiz a été pris 355 fois
    337 depuis la dernière actualisation
  • Le résultat moyen est 18 sur 25
Statistiques - réponses
Hint Réponse % Correct
Yannick Noah
93%
Sophie Marceau
87%
Line Renaud
87%
Jean-Paul Gaultier
86%
Francky Vincent
86%
Claude François
85%
Mireille Mathieu
85%
Michael Jordan
83%
Margot Robbie
82%
Patrick Sébastien
82%
Victor Hugo
81%
Roméo Elvis
80%
Ray Charles
79%
Philippe Katerine
79%
Alain Bernard
74%
Mélanie Laurent
64%
Pierre Richard
64%
Louis-Ferdinand Céline
61%
Marie Myriam
60%
Richard Anthony
58%
Herbert Léonard
58%
George Michael
58%
Amandine Henry
51%
François Valéry
50%
Steve Martin
40%
Aucun quiz correspondant
Distribution des résultats
% des personnes avec chaque résultat
Percentile par nombre de réponses
Votre historique - résultats
Vous n’avez pas pris ce quiz depuis la dernière actualisation